1768 1086 1470 1287 1572 1538 1884 1584 1665 1764 1259 1735 1008 1731 1119 1017 1400 1783 1120 1208 1577 1717 1390 1146 1390 1165 1905 1602 1448 1977 1423 1454 1099 1694 1306 1912 1648 1344 1930 1093 1400 1969 1159 1218 1903 1174 1189 1148 1865 1508 1743 1055 1048 1429 1890 1298 1783 1594 1837 1550 1007 1063 1352 1486 1053 1389 1413 1188 1844 1441 1141 1022 1004 1866 1428 1579 1139 1633 1855 1710 1111 1705 1543 1988 1511 1119 1167 1575 1758 1012 1857 1622 1234 1488 1373 1998 1296 1009 1596 BCNSPRNW ULIB Ver.6.0+V

เปลี่ยนเป็นภาษาไทย

Change to English
 แสดงรายละเอียดบรรณานุกรม
  กลับหน้าหลัก

Brief Record : Get Marc (ISO 2709) : E-mail record : QR code < ปิดหน้าต่าง
LEADER : 00000nam 2200000uu 4500
001    13399114597
003     ULIB
008    110627s2550||||th 000 0 tha d
090    นว.^b
100 0  เมแกน วาเลน เทอร์เนอร์
245 00 จอมโจรยูเลนิดิส/^cเมแกน วาเลน เทอร์เนอร์
260    กรุงเทพฯ :^bอัมรินทร์,^c2550
710 1  อัมรินทร์
945    ^p0^l0^i022052
995    ทศพร
999 ^a ใช้งานได้ทุกระบบ
รายการนี้ยังไม่มีแท็ก
คุณยังไม่ได้ล็อกอิน คุณสามารถมีกิจกรรมร่วมกับเว็บไซต์ได้ แต่ต้องล็อกอินก่อน ::
  ล็อกอิน

รายการสื่อสารสนเทศ

ลำดับที่ ประเภท เลขเรียก/บาร์โค้ด สถานที่ สถานะ
1. นวนิยาย
นวนิยาย
นว. ฉ.1 
  Barcode: 022052
ห้องสมุดวิทยาเขตสวรรค์ประชารักษ์
►นวนิยาย
บนชั้น
  ขอยืม

รายการใกล้เคียง
    ผู้แต่ง [เมแกน วาเลน เทอร์เนอร์]

BibComment


ยังไม่เคยถูกคอมเมนท์

คอมเมนท์ทรัพยากรรายการนี้
  คอมเมนท์: จอมโจรยูเลนิดิส เ..


 Copyright 2026. Bcnsprnw @Library